BRAIN HEALTH (Record no. 216378)

MARC details
000 -LEADER
fixed length control field 00387nam a22001457a 4500
008 - FIXED-LENGTH DATA ELEMENTS--GENERAL INFORMATION
fixed length control field 251223b |||||||| |||| 00| 0 eng d
020 ## - INTERNATIONAL STANDARD BOOK NUMBER
International Standard Book Number 1-904685-88-9
050 ## - LIBRARY OF CONGRESS CALL NUMBER
Classification number RA 790 .P553 2010
100 ## - MAIN ENTRY--PERSONAL NAME
Personal name MCDONALD SHARON
245 ## - TITLE STATEMENT
Title BRAIN HEALTH
260 ## - PUBLICATION, DISTRIBUTION, ETC.
Place of publication, distribution, etc. THAILAND
Name of publisher, distributor, etc. THE STANBOROUGH PRESS LTD
Date of publication, distribution, etc. 2010
650 ## - SUBJECT ADDED ENTRY
Topical term or geographic name entry element HOW TO HANDLE YOUR HEAD
942 ## - ADDED ENTRY ELEMENTS (KOHA)
Source of classification or shelving scheme Library of Congress Classification
Koha item type Long Loan Book

No items available.